000 00561nam a22001937a 4500
003 KOHA_MİRAKIL
005 20251112154955.0
008 251112b tu ||||| |||| 00| 0 tur d
020 _a9786257231213
040 _aTR-AnABB
_btur
_cTR-AnABB
041 _atur
082 _a813.42
_bKÜC 2022
100 1 _aKüçükyılmaz, M. Mücahit,
245 1 0 _aYavuz adaletin kılıcı /
_cM.Mücahit Küçükyılmaz
260 _aİstanbul :
_bTurkuvaz Kitap,
_c2022
300 _a208 sayfa ;
_c21 cm
650 0 4 _aTürk edebiyatı, roman
942 _2ddc
_cBK
999 _c9382
_d9382
900 _bGizem YORULMAZ